000 00458 a2200145 4500
020 _a0727720694
082 _a624.1834 WES
100 _aWest, Graham.
245 _aAlkali-aggregate reaction in concrete roads and bridges /
_cGraham West.
260 _aLondon :
_bThomas Telford,
_c1996.
300 _axii, 163 p. :
_bill. ;
_c24 cm.
650 _aAlkali-aggregate reactions.
650 _aConcrete
_xDefects.
650 _aConcrete roads
_xDefects.
650 _aConcrete bridges
_xDefects.
999 _c942
_d942